Statistics for Top 10 Oakland Athletics of All-Time

Click here to take the quiz!

General Stats

  • This quiz has been taken 1,381 times
  • The average score is 4 of 10

Answer Stats

WARYearsPositionPlayer% Correct
68.61979-1984, 1989-1995, 1997-1998OFRickey Henderson
91%
44.41986-19971BMark McGwire
76%
45.21967-1975, 1987OFReggie Jackson
67%
65.21925-19351BJimmie Foxx
56%
54.21925-1933PLefty Grove
32%
47.51966-19763BSal Bando
25%
55.91906-1914, 1927-19302BEddie Collins
24%
52.31924-1932, 1939-1941, 1944OFAl Simmons
18%
57.81901-1914PEddie Plank
17%
45.81933-1942OFBob Johnson
11%

Score Distribution

Percentile by Number Answered

Percent of People with Each Score

Your Score History

You have not taken this quiz